000 00564nam a22001937a 4500
003 Ost
005 20220317093523.0
008 220317b |||||||| |||| 00| 0 eng d
020 _aNA
040 _cBT-PhCST
050 _aD682
082 _222
_a303.483
_bBEL
100 _aBell, Tridy E and Dooling, Dave.
_dEd. Janie Fouke.
245 _aEngineering tomorrows :
_btoday's technology experts envision the next century /
260 _aNew York.
_bIEEE press.
_cc2000
300 _axiv, 908 p. :
_bill. ;
_c24 cm.
500 _aIncludes index.
942 _2ddc
_cCIVIL
999 _c3503
_d3503